|
|
|
|
| LEADER |
00000nab a2200000 ar4500 |
| 001 |
vtls008985460 |
| 003 |
SK-MaSNL |
| 005 |
20260303065427.0 |
| 008 |
171110c20070402xo dr|n|||||||000 b|slo |
| 015 |
|
|
|a SLLK2006
|2 sllk
|
| 038 |
|
|
|a SLLK
|
| 040 |
|
|
|a SLLK
|b slo
|c sllk
|e AACR2
|
| 041 |
0 |
|
|a slo
|
| 044 |
|
|
|a xo
|c SK
|
| 080 |
|
|
|a 796.332
|2 1997
|
| 100 |
1 |
|
|a Servický, J.
|4 aut
|9 813145
|
| 245 |
1 |
0 |
|a Storoľubovňania šokovali divákov
|b St. Ľubovňa - D. Kubín 1:2 (0:0)
|c J. Servický ; foto: Marcela
|
| 300 |
|
|
|b Fotogr. tab.
|
| 610 |
2 |
7 |
|a Mestský futbalový klub Stará Ľubovňa
|2 snkbucl
|9 1031864
|
| 648 |
|
7 |
|a 2007
|2 snkbucl
|9 313226
|
| 650 |
0 |
7 |
|a šport
|2 snkbucl
|9 1042
|
| 650 |
0 |
7 |
|a futbal
|x 2. liga Východ
|x muži
|y sezóna 2006/2007
|2 snkbucl
|9 1032832
|
| 651 |
|
7 |
|a Stará Ľubovňa (Slovensko)
|2 snkbucl
|9 19193
|
| 651 |
|
7 |
|a Dolný Kubín (Slovensko)
|2 snkbucl
|9 168992
|
| 773 |
0 |
|
|t Tatranský denník Korzár
|g Roč. IX, č. 77 (2. 4.2007)
|x 1335-7573
|
| 773 |
0 |
|
|i Pril.
|t Šport pre východniarov
|g s. 7
|
| 852 |
|
|
|a SLLK
|b KIS3GCP
|
| 999 |
|
|
|c 1751146
|d 1753076
|